[Event "Saratov Aratovsky Memorial 6th"]
[Site "Saratov"]
[Date "2006.12.02"]
[Round "6"]
[White "Iliushkin, Evgeny"]
[Black "Litvinov, Nikolai"]
[Result "1-0"]
[WhiteElo "2310"]
[BlackElo "2133"]
[PlyCount "59"]
[EventDate "2006.11.27"]
[EventType "swiss"]
[EventRounds "9"]
[EventCountry "RUS"]
[SourceTitle "EXT 2008"]
[Source "ChessBase"]
[SourceDate "2007.11.25"]
[SourceVersion "1"]
[SourceVersionDate "2007.11.25"]
[SourceQuality "1"]

1. d4 d5 2. c4 c6 3. e3 Nf6 4. Nc3 e6 5. Nf3 Nbd7 6. Qc2 Be7 7. Be2 0-0 8. 0-0 b6 9. e4 dxe4 10. Nxe4 Bb7 11. Rd1 Nxe4 12. Qxe4 Nf6 13. Qh4 Qc8 14. Bd3 c5 15. Bg5 h6 16. Bxh6 gxh6 17. Qxh6 Be4 18. Qg5+ Bg6 19. Bxg6 fxg6 20. Qxg6+ Kh8 21. Ne5 Qe8 22. Qh6+ Nh7 23. Ng6+ Kg8 24. Nxf8 Bxf8 25. Qf4 cxd4 26. Rxd4 Bg7 27. Rd6 Qf7 28. Qxf7+ Kxf7 29. Rd7+ Kg6 30. Re1 1-0

[Event "Saratov Aratovsky Memorial 6th"]
[Site "Saratov"]
[Date "2006.12.01"]
[Round "5"]
[White "Sanzhaev, Darsen"]
[Black "Litvinov, Nikolai"]
[Result "1/2-1/2"]
[WhiteElo "1991"]
[BlackElo "2133"]
[PlyCount "105"]
[EventDate "2006.11.27"]
[EventType "swiss"]
[EventRounds "9"]
[EventCountry "RUS"]
[SourceTitle "EXT 2008"]
[Source "ChessBase"]
[SourceDate "2007.11.25"]
[SourceVersion "1"]
[SourceVersionDate "2007.11.25"]
[SourceQuality "1"]

1. d4 d5 2. c4 c6 3. Nc3 Nf6 4. Nf3 e6 5. e3 a6 6. a4 Qa5 7. Bd2 Bb4 8. Bd3 Nbd7 9. 0-0 c5 10. Re1 0-0 11. Qc2 Qc7 12. b3 b6 13. Rac1 Bb7 14. cxd5 exd5 15. Nh4 Rfe8 16. Nf5 g6 17. Ng3 Rac8 18. Qb2 Qd6 19. Nb1 Bxd2 20. Nxd2 Ne4 21. Ndxe4 dxe4 22. Bc4 cxd4 23. Qxd4 Qxd4 24. exd4 Kg7 25. Nf1 f5 26. g3 Nf6 27. Ne3 Rcd8 28. Red1 Nd5 29. Bxd5 Bxd5 30. Rc7+ Kh6 31. Nxd5 Rxd5 32. Rc6 Red8 33. Rxb6 Rxd4 34. Rxd4 Rxd4 35. Rxa6 Rb4 36. h4 Kh5 37. Ra7 h6 38. Ra6 Rxb3 39. Kf1 Rb2 40. Kg1 Ra2 41. a5 g5 42. hxg5 hxg5 43. Rb6 Rxa5 44. Rb1 Ra2 45. Re1 Kg4 46. Kg2 Ra4 47. Rf1 f4 48. gxf4 gxf4 49. Re1 Rb4 50. Rxe4 Rxe4 51. f3+ Kf5 52. fxe4+ Kxe4 53. Kf2 1/2-1/2

[Event "Saratov Aratovsky Memorial 6th"]
[Site "Saratov"]
[Date "2006.11.30"]
[Round "4"]
[White "Litvinov, Nikolai"]
[Black "Shukh, Nikolai"]
[Result "0-1"]
[WhiteElo "2133"]
[BlackElo "2255"]
[PlyCount "54"]
[EventDate "2006.11.27"]
[EventType "swiss"]
[EventRounds "9"]
[EventCountry "RUS"]
[SourceTitle "EXT 2008"]
[Source "ChessBase"]
[SourceDate "2007.11.25"]
[SourceVersion "1"]
[SourceVersionDate "2007.11.25"]
[SourceQuality "1"]

1. d4 Nf6 2. c4 c5 3. d5 b5 4. cxb5 a6 5. b6 g6 6. Nc3 d6 7. a4 Qxb6 8. a5 Qc7 9. e4 Bg7 10. f4 0-0 11. Nf3 e6 12. Bc4 exd5 13. Nxd5 Nxd5 14. Bxd5 Nc6 15. 0-0 Bb7 16. f5 Nd4 17. fxg6 Nxf3+ 18. Rxf3 hxg6 19. Rh3 Bd4+ 20. Be3 Bxe3+ 21. Rxe3 Bxd5 22. Qxd5 Rae8 23. Rf1 Re5 24. Qd2 c4 25. Rh3 Qxa5 26. Qxd6 Qc5+ 27. Qxc5 Rxc5 0-1

[Event "Saratov Aratovsky Memorial 6th"]
[Site "Saratov"]
[Date "2006.11.28"]
[Round "2"]
[White "Petukhov, Dmitry"]
[Black "Litvinov, Nikolai"]
[Result "1-0"]
[WhiteElo "2355"]
[BlackElo "2133"]
[PlyCount "61"]
[EventDate "2006.11.27"]
[EventType "swiss"]
[EventRounds "9"]
[EventCountry "RUS"]
[SourceTitle "EXT 2008"]
[Source "ChessBase"]
[SourceDate "2007.11.25"]
[SourceVersion "1"]
[SourceVersionDate "2007.11.25"]
[SourceQuality "1"]

1. e4 c5 2. c3 g6 3. d4 cxd4 4. cxd4 d5 5. e5 Nc6 6. Nc3 Bg7 7. Nf3 h5 8. Qb3 e6 9. Nb5 Bf8 10. Bg5 Qb6 11. Be2 Bb4+ 12. Kf1 Nh6 13. a3 Be7 14. Bxe7 Kxe7 15. Qe3 a6 16. Nd6 Qxb2 17. Rd1 Kd7 18. Qf4 Kc7 19. Nxf7 Nxf7 20. Qxf7+ Kb8 21. Qg7 Rd8 22. Qxg6 Qxa3 23. Qxh5 b5 24. h4 b4 25. Qg6 b3 26. h5 Bd7 27. h6 Kc7 28. h7 b2 29. Qc2 Qb4 30. Rb1 Rab8 31. Bxa6 1-0